000 00973nam a2200253 a 4500
001 000015697
005 20200120221942.0
008 001104s1998 colad gr0 000 d
020 _a958-30-0454-5
090 _aAN
_bVARVf
100 0 _aVargas Vila, José María
245 1 0 _aFlor del fango /
_cJosé María Vargas Vila;ilustraciones:Edgar Rodríguez-Rodéz;edicción: Juan Carlos González Espitia;introducción general y prólogo:Betty Osorio Garcés.
260 _aSantafé de Bogotá :
_bPanamericana,
_c1998.
300 _a282 p. : il.; fot.
490 0 _aBiblioteca José María Vargas Vila
500 _aEj.1 de Biblioteca Carlos E. Restrepo 2a. reimp. de 2008, con ISBN : 9789583013416.
650 1 4 _aNOVELA COLOMBIANA
650 1 4 _aLITERATURA COLOMBIANA
650 1 4 _aMUJERES
650 1 4 _aASPECTOS SOCIOECONOMICOS
700 1 _aRodríguez-Ródez, Carlos, il.
700 1 _aGonzález Espitia, Juan Carlos, ed.
700 1 _aOsorio Garcés, Betty, int.
999 _c940
_d940